| 000 | 00904cam a2200289 a 4500 | ||
|---|---|---|---|
| 001 | 2108670 | ||
| 003 | NUST | ||
| 005 | 20220305123446.0 | ||
| 008 | 960917s1997 orua 000 0deng | ||
| 010 | _a 96044879 | ||
| 020 | _a1576731235 (alk. paper) | ||
| 038 | _awaseem | ||
| 040 |
_aDLC _cDLC _dDLC |
||
| 050 | 0 | 0 |
_aBV4517 _b.G85 1997 |
| 082 | 0 | 0 |
_a242 _bGUL |
| 100 | 1 |
_aGulley, Philip. _990225 |
|
| 245 | 1 | 0 |
_aFront porch tales / _cPhilip Gulley. |
| 260 |
_aOregon : _bMultnomah Books, _cc1996. |
||
| 300 |
_a174 p. : _bill. ; _c19 cm. |
||
| 563 | _aHBK. | ||
| 600 | 1 | 0 |
_aGulley, Philip _vAnecdotes. _990226 |
| 650 | 0 |
_aChristian life _vAnecdotes. _990227 |
|
| 650 | 0 |
_aChristian life _xQuaker authors. _990228 |
|
| 906 |
_a7 _bcbc _corignew _d1 _eocip _f19 _gy-gencatlg |
||
| 942 |
_2ddc _cBK |
||
| 999 |
_c588576 _d588576 |
||